Регионална библиотека "Любен Каравелов" - Русе

История на Балканите (Запис номер 157652)

MARC детайли
000 -Лидер
Контролно поле с фиксирана дължина 01854nam a2200433 c 4500
003 - Код на организацията, давaща контролен номер
Контролно поле BLK
005 - Дата и час на последна редакция
Контролно поле 20180422113532.0
008 - Елементи от данни с фиксирана дължина
fixed length control field 180410b bul|||||r ||||||| ||bul||
010 ## - Наследен системен номер
LC control number KNG00164601000
020 ## - Международен стандартен номер на книга ISBN
Международен стандартен номер на книга ISBN 978-954-9877-27-4
-- издат.: Амат-Ах - на том (т.1)
040 ## - Източник на каталожния запис
Идентификатор на билиотеката - собственик на записа BLK
041 ## - Код за език
Код за езика на текст/звукозапис или на отделно заглавие Български
Код за езика КДБФ Български
072 #7 - Код за тематичната категория
Код организация bullib
Код за тематична категория Н92
Текст История Н
080 ## - УДК
Текстов определител УДК История на балканските държави
УДК код - определител по УДК 94(497)
УДК определител
УДК - код + определител 94(497)
100 1# - Редна дума - Автор
Автор Йелавич, Барбара
Авторска отговорност първи автор
R(LIN) 73306
139 ## - Редно поле
Редна дума Йелавич, Барбара
Авторски знак Ие - И 32
245 10 - Сведения за заглавието
Заглавие История на Балканите
Подзаглавни данни Т. 1 - 2
Редно поле (дума) Барбара Йелавич; прев. Мирела Христова; предг. от Милен Куманов; ред. Мирела Христова.
Том Т. 1
Заглавие на том ХVІІІ - ХІХ век
250 ## - Област на изданието
Сведения за изданието 2. изд.
257 ## - Страна на издаване
Страна на създаване/издаване Съединени американски щати
260 ## - Област на издателските данни
-- София
Година на издаване 2012
Печатница София : Скала
300 ## - Физическа характеристика
Размери/Мащаб 24 см
380 ## - Жанр
Жанр История
500 ## - Общи забележки
Забележка Ориг. загл.: History of the Balkans. - 1. изд. 2003
650 #4 - Допълнително описание по предмет – тема
Основно описание – тема или топоним Балкански полуостров - история
9 (RLIN) 259470
651 #4 - Допълнително описание по предмет - топоним
Географско понятие Балкански полуостров
9 (RLIN) 178567
653 ## - Ключова дума – ненормативна
Ключова дума Балкански полуостров
653 ## - Ключова дума – ненормативна
Ключова дума народи
653 ## - Ключова дума – ненормативна
Ключова дума история
659 ## - Тематичен бюлетин
Тематичен бюлетин Н
700 1# - Други автори (авторска отговорност)
Лично име Христова, Мирела
Автороска отговорност (Описва отношението между автора и произведението) прев.
9 (RLIN) 363408
700 1# - Други автори (авторска отговорност)
Лично име Куманов, Милен
Автороска отговорност (Описва отношението между автора и произведението) предг. от
9 (RLIN) 363343
700 1# - Други автори (авторска отговорност)
Лично име Христова, Мирела
Автороска отговорност (Описва отношението между автора и произведението) ред.
9 (RLIN) 363408
760 1# - Описание на основната серия
-- - на том (т.1)
Редна дума на основното описание Йелавич, Барбара
Издание 2. изд.
Място на издаване, издател и година Амат-Ах, 2012
Страници - том 412 с. : с ил., к.
Заглавие Т. 1 ХVІІІ - ХІХ век
852 ## - Местоположение
Форматна сигнатура Цб 270588
856 4# - Електронен адрес и достъп
Електронен формат pdf - файл
Път до файла /url/
856 4# - Електронен адрес и достъп
Електронен формат pdf - файл
Път до файла /url/
942 ## - АРТИКУЛИ
Вид на библиотечния материал Книги
Скрит в OPAC Не
944 ## - СЪЗДАВАНЕ И РЕДАКЦИЯ на ЗАПИСА
Създаване/Редакция Създаване
Дата на регистрацията/редакция 02.09.2014
Служител, извършил регистрацията/редакцията Пенка_Димитрова
944 ## - СЪЗДАВАНЕ И РЕДАКЦИЯ на ЗАПИСА
Създаване/Редакция Редакция
Дата на регистрацията/редакция 28.04.2015
Служител, извършил регистрацията/редакцията Грета_Цуфелде
999 ## - СИСТЕМНИ КОНТРОЛНИ НОМЕРА
Koha biblionumber 157652
Koha biblioitemnumber 157652
Наличности
Код за отписване Код за изгубен артикул Код за повреда Коз за рестрикции Код за отдаване Артикулен № Име на библиотеката - собственик Име на библиотеката, в която се намира в момента Статус (Текущо местоположение) Дата на вписване в системата Местоположение - отдел Цена в лева Инвентарен номер Систематично азбучна сигнатура Баркод Номер на екземпляра Цена в евро Служебна бележка Служебен тип на артикула
  Не е изгубен Не е повреден без рестрикции ползва се в читалня 264039 Регионална библиотека "Любен Каравелов" Русе Регионална библиотека "Любен Каравелов" Русе Хранилище 2014-09-05 Хранилище 16.00 120000780311 Цб 270588 120000780311 1 8.18 Дост: Dp Вид: Д N: 48 Дата: 25.11.2013 Книги
Vip Innovations Ltd, Rousse, Bulgaria 2025